| 000 | 01454cam a2200361 a 4500 | ||
|---|---|---|---|
| 999 |
_c20943 _d20943 |
||
| 001 | 12131065 | ||
| 003 | BDDh-ASL | ||
| 005 | 20231015025942.0 | ||
| 008 | 000509s2000 bg b b 000 0 eng | ||
| 010 | _a 99952226 | ||
| 020 | _a9845130135 | ||
| 025 | _aB-E-99-952226; 021 | ||
| 035 | _a(DLC) 99952226 | ||
| 037 |
_bLibrary of Congress -- New Delhi Field Office _cTk200.00 ($15.00 U.S.) |
||
| 040 |
_aDLC _cDLC _dDLC _dBDDh-ASL |
||
| 042 | _alcode | ||
| 043 | _aa-bg--- | ||
| 050 | 0 | 0 |
_aHN690.6.A8 _bM84 2000 |
| 082 |
_a301.5492 _bHUG |
||
| 100 | 1 |
_aMufazzalul Huq, Muhammad, _d1942- |
|
| 245 | 1 | 0 |
_aGovernment institutions and underdevelopment : _ba study of the tribal peoples of Chittagong Hill Tracts, Bangladesh / _cMuhammad Mufazzalul Huq. |
| 260 |
_aDhaka : _bCentre for Social Studies, _c2000. |
||
| 300 |
_a149 p. : _b1 map ; _c22 cm. |
||
| 504 | _aIncludes bibliographical references (p. 146-149). | ||
| 650 | 0 |
_aTribes _xGovernment policy _zBangladesh _zChittagong Hill Tracts (Region) |
|
| 651 | 0 |
_aTribes _zBangladesh _zChittagong Hill Tracts (Region) |
|
| 651 | 0 |
_aChittagong Hill Tracts (Bangladesh : Region) _xPolitics and government. |
|
| 651 | 0 |
_aChittagong Hill Tracts (Bangladesh : Region) _xSocial conditions. |
|
| 710 | 2 |
_aDhaka University. _bCentre for Social Studies. |
|
| 906 |
_a7 _bcbc _corigode _d3 _encip _f19 _gy-gencatlg |
||
| 942 |
_2ddc _cBK |
||